L'expérience de Dieu : (Record no. 119240)
[ view plain ]
| 000 -LEADER | |
|---|---|
| fixed length control field | 01075cam a22002894a 4500 |
| 001 - CONTROL NUMBER | |
| control field | 13576062 |
| 003 - CONTROL NUMBER IDENTIFIER | |
| control field | ARRUPE |
| 005 - DATE AND TIME OF LATEST TRANSACTION | |
| control field | 20171201093656.0 |
| 008 - FIXED-LENGTH DATA ELEMENTS--GENERAL INFORMATION | |
| fixed length control field | 030220s2002 be b 001 0 fre c |
| 010 ## - LIBRARY OF CONGRESS CONTROL NUMBER | |
| LC control number | 2004412054 |
| 020 ## - INTERNATIONAL STANDARD BOOK NUMBER | |
| International Standard Book Number | 2872991085 |
| 035 ## - SYSTEM CONTROL NUMBER | |
| System control number | (OCoLC)ocm51816467 |
| 040 ## - CATALOGING SOURCE | |
| Original cataloging agency | TZT |
| Language of cataloging | eng |
| Transcribing agency | TZT |
| Modifying agency | CGU |
| -- | DLC |
| 042 ## - AUTHENTICATION CODE | |
| Authentication code | pcc |
| 050 00 - LIBRARY OF CONGRESS CALL NUMBER | |
| Classification number | BX2179.L8 |
| Item number | N85 2002 |
| 300 ## - PHYSICAL DESCRIPTION | |
| Dimensions | 21 cm. |
| 100 0# - MAIN ENTRY--PERSONAL NAME | |
| Personal name | Ntima Nkanza, |
| Dates associated with a name | 1963- |
| 9 (RLIN) | 5622 |
| 245 12 - TITLE STATEMENT | |
| Title | L'expérience de Dieu : |
| Remainder of title | les Exercices spirituels d'Ignace de Loyola à la lumière de la phénoménologie de Richard Schaeffler / |
| Statement of responsibility, etc | Ntima Nkanza. |
| 260 ## - PUBLICATION, DISTRIBUTION, ETC. (IMPRINT) | |
| Place of publication, distribution, etc | Bruxelles : |
| Name of publisher, distributor, etc | Editions Lessius : |
| -- | Diffusion Cerf, |
| Date of publication, distribution, etc | c2002. |
| 300 ## - PHYSICAL DESCRIPTION | |
| Extent | 380 p. ; |
| 440 #0 - SERIES STATEMENT/ADDED ENTRY--TITLE | |
| Title | Donner raison ; |
| Volume number/sequential designation | 10 |
| 9 (RLIN) | 5623 |
| 504 ## - BIBLIOGRAPHY, ETC. NOTE | |
| Bibliography, etc | Includes bibliographical references (p. [367]-373) and index. |
| 600 00 - SUBJECT ADDED ENTRY--PERSONAL NAME | |
| Personal name | Schaeffler, Richard |
| 9 (RLIN) | 5624 |
| General subdivision | Philosophy |
| 650 ## - SUBJECT ADDED ENTRY--TOPICAL TERM | |
| Topical term or geographic name as entry element | Spiritual exercises |
| General subdivision | Criticism |
| 9 (RLIN) | 32276 |
| 906 ## - LOCAL DATA ELEMENT F, LDF (RLIN) | |
| a | 7 |
| b | cbc |
| c | pccadap |
| d | 2 |
| e | ncip |
| f | 20 |
| g | y-gencatlg |
| 942 ## - ADDED ENTRY ELEMENTS (KOHA) | |
| Source of classification or shelving scheme | Library of Congress Classification |
| Koha item type | Monograph ( Printed materials) |
| Koha issues (borrowed), all copies | 1 |
| Withdrawn status | Lost status | Source of classification or shelving scheme | Damaged status | Not for loan | Collection code | Home library | Current library | Shelving location | Date acquired | Total Checkouts | Full call number | Barcode | Date last seen | Date checked out | Price effective from | Koha item type |
|---|---|---|---|---|---|---|---|---|---|---|---|---|---|---|---|---|
| Library of Congress Classification | Main Collection | ARRUPE LIBRARY | ARRUPE LIBRARY | Main Collection | 13/12/2013 | 2 | BX2179.L8 N961 2002 | 46500000104 | 22/11/2017 | 21/07/2016 | 13/12/2013 | Monograph ( Printed materials) |